<Die> neue Marktordnung für ölsaaten - Konsequenzen für den Anbau von Raps und Sonnenblumen.

Nové pravidlá pre trh olejnín prijaté EHS sú v platnosti od 1.6.1992. Pokles výrobnej ceny sóje, repky, slnečnice na úroveň cien svetového trhu. Dotácie na pestovanie olejnín v rámci ES. Podmienky poskytovania dotácií výrobcom.

Gespeichert in:
Bibliographische Detailangaben
1. Verfasser: Steinhauser, H.
Format: Buchkapitel
Sprache:Deutsch
Schlagworte:
Tags: Tag hinzufügen
Keine Tags, Fügen Sie das erste Tag hinzu!

MARC

LEADER 00000naa a2200000 4500
001 r009252
005 20221208122246.7
041 0 |a ger 
044 |a DE 
245 1 0 |a <Die> neue Marktordnung für ölsaaten - Konsequenzen für den Anbau von Raps und Sonnenblumen.  |c H. Steinhauser 
520 |a Nové pravidlá pre trh olejnín prijaté EHS sú v platnosti od 1.6.1992. Pokles výrobnej ceny sóje, repky, slnečnice na úroveň cien svetového trhu. Dotácie na pestovanie olejnín v rámci ES. Podmienky poskytovania dotácií výrobcom. 
610 2 0 |a výroba rastlinná 
610 2 0 |a EHS 
610 2 0 |a ceny výrobné 
610 2 0 |a 1992 
610 2 0 |a trh svetový 
610 2 0 |a znižovanie cien 
610 2 0 |a dotácie 
610 2 0 |a Európske spoločenstvá 
100 1 |a Steinhauser, H.